Of love and shadows / (Record no. 23322)
[ view plain ]
| 000 -LEADER | |
|---|---|
| fixed length control field | 00706nam a2200241 a 4500 |
| 001 - CONTROL NUMBER | |
| control field | 23322 |
| 003 - CONTROL NUMBER IDENTIFIER | |
| rucl marc code | BD-RjUL |
| 005 - DATE AND TIME OF LATEST TRANSACTION | |
| control field | 20211209000921.0 |
| 008 - FIXED-LENGTH DATA ELEMENTS--GENERAL INFORMATION | |
| fixed length control field | 140310s1988 enk 000 1 eng d |
| 020 ## - INTERNATIONAL STANDARD BOOK NUMBER | |
| International Standard Book Number | 022402812X |
| 035 ## - SYSTEM CONTROL NUMBER | |
| System control number | (BD-RjUL)23387 |
| 040 ## - CATALOGING SOURCE | |
| Original cataloging agency | BD-RjUL |
| Language of cataloging | eng |
| Transcribing agency | BD-RjUL |
| 041 1# - LANGUAGE CODE | |
| Language code of text/sound track or separate title | eng |
| Language code of original | spa |
| 082 ## - DEWEY DECIMAL CLASSIFICATION NUMBER | |
| Classification number | 863 |
| Author mark and year | ALO 1988 |
| 100 1# - MAIN ENTRY--PERSONAL NAME | |
| Personal name | Allende, Isabel. |
| 9 (RLIN) | 71855 |
| 245 10 - TITLE STATEMENT | |
| Title | Of love and shadows / |
| Statement of responsibility, etc. | Isabel Allende ; translated from the Spanish, De amor y de sombra, by Margaret Sayers Peden |
| 260 ## - PUBLICATION, DISTRIBUTION, ETC. (IMPRINT) | |
| Place of publication, distribution, etc. | London : |
| Name of publisher, distributor, etc. | Cape, |
| Date of publication, distribution, etc. | 1987 |
| 300 ## - PHYSICAL DESCRIPTION | |
| Pagination | 287 p. : |
| Size | 24 cm. |
| 700 1# - ADDED ENTRY--PERSONAL NAME | |
| Personal name | Peden, Margaret Sayers. |
| 942 ## - ADDED ENTRY ELEMENTS (KOHA) | |
| Source of classification or shelving scheme | Dewey Decimal Classification |
| Koha item type | Books |
| Lost status | Source of classification or shelving scheme | Damaged status | Not for loan | Collection code | Permanent Location | Current Location | Shelving location | Date acquired | Source of acquisition | Total Checkouts | Full call number | Date last seen | Copy number | Koha item type |
|---|---|---|---|---|---|---|---|---|---|---|---|---|---|---|
| Dewey Decimal Classification | Added to bundle | Fiction | Central Library, University of Rajshahi | Central Library, University of Rajshahi | Reading Room | 27/10/1990 | Suspkim Mashall Ltd. | 863 ALO 1988 | 10/03/2014 | C-1 | Books |